000 00302nam a22001337a 4500
008 170727b xxu||||| |||| 00| 0 eng d
020 _a9780205480715
041 _aeng
080 _26TH
_a004
100 _a31
101 _aSHK
245 _aSPSS FOR WINDOWS STEP BY STEP
_cGEORGE,D
942 _2udc
_cBK
999 _c22029
_d22029